The unified neutral theory of biodiversity and biogeography / (Registro nro. 2732)

Detalles MARC
000 -CABECERA
Campo de control 01022cam a2200265 i 4500
005 - FECHA Y HORA DE LA ULTIMA TRANSACCION
Campo de control 20160118020823.0
008 - ELEMENTOS DE LONGITUD FIJA—INFORMACION GENERAL
Campo de control 050307s2001 njuabd r 001 0 eng d
015 ## - NATIONAL BIBLIOGRAPHY NUMBER
National bibliography number NNN
020 ## - ISBN
ISBN 0691021287
040 ## - FUENTE DE CATALOGACIÓN
Agencia catalogadora original DLC
Agencia transcriptora DLC
Agencia Modificadora DLC
-- CO-BoPUJ
-- CO-BoIAVH
041 0# - IDIOMA
Código de idioma para texto/pista de sonido o título separado Inglés
044 ## - PAÍS DE PUBLICACIÓN
País de publicación Estados Unidos
082 04 - NUMERO DE CLASIFICACION DECIMAL DEWEY
Número de clasificación 578.09
Número del ítem H87u
100 1# - ASIENTO PRINCIPAL--NOMBRE PERSONAL
Nombre personal Hubbell, Stephen P.
Fechas asociadas con el nombre 1942-
9 (RLIN) 52018
245 14 - MENCION DE TITULO
Título The unified neutral theory of biodiversity and biogeography /
Mención de responsabilidad Stephen P. Hubbell.
260 ## - PUBLICACION, DISTRIBUCION, ETC. (PIE DE IMPRENTA)
Lugar de publicación, distribución, etc. Princeton, New Jersey :
Nombre del editor, distribuidor, etc. Princeton University,
Fecha de publicación, distribución, etc. 2001.
300 ## - DESCRIPCION FISICA
Extensión xiv, 375 páginas :
Otros detalles físicos il., gráficas y mapas ;
Dimensiones 22 cm.
490 00 - MENCION DE SERIE
Mención de serie Monographs in population biology ;
Designación numérica/secuencial del volumen 32
504 ## - NOTA DE BIBLIOGRAFIA, ETC.
Nota de bibliografía Incluye referencias bibliográficas (P. 347-369) e índice.
650 14 - ASIENTO SECUNDARIO DE MATERIA - TERMINO TEMATICO
Término temático o nombre geográfico como elemento de entrada Diversidad biológica
9 (RLIN) 52019
650 24 - ASIENTO SECUNDARIO DE MATERIA - TERMINO TEMATICO
Término temático o nombre geográfico como elemento de entrada Biogeografía
9 (RLIN) 52020
650 24 - ASIENTO SECUNDARIO DE MATERIA - TERMINO TEMATICO
Término temático o nombre geográfico como elemento de entrada Animales y plantas
Subdivisión general Distribución geográfica
9 (RLIN) 52021
856 40 - LOCALIZACION Y ACCESO ELECTRONICOS
Nota dirigida al público Para consultar la tabla de contenido presione aquí.
Identificador Uniforme del Recurso http://www.loc.gov/catdir/toc/fy02/00051637.html
942 ## - ELEMENTOS ADICIONALES (KOHA)
Sistema de clasificación Dewey Decimal Classification
Tipo de ítem Libro
Existencias
Withdrawn status Lost status Sistema de Clasificación Damaged status No para préstamo Colección Inventariado Ubicación Permanente Ubicación actual Fecha de adquisición Fuente de Valor Valor Total Checkouts Número topográfico Inventario / Código de Barras Date last seen Ejemplar Price effective from Forma de adquisición Tipo de material
    Dewey Decimal Classification     General Inventariado 2017 Bogotá Bogotá 25/02/2005 Instituto 39000.00   LB-578.09 H87u 017396 04/12/2012 Ej. 1 04/12/2012 Compra Libro
    Dewey Decimal Classification     General Inventariado 2017 Sala Fabio Quevedo Sala Fabio Quevedo 14/06/2002 Instituto 39000.00   LB-578.09 H87u 005022 04/12/2012 Ej. 2 04/12/2012 Compra Libro